00557nam a2200169Ia 4500003000900000008004100009040001600050080002400066245011800090260003300208300001300241650002800254650004100282650002500323650001700348700002200365IN-BaIIA211028s9999 xx 000 0 eng d cIIA Library a047.1:535.33bDEV-1 0aDevelopments in applied spectroscopybvol. 1cedited by W. D. Ashby  aNew YorkbPlenum Pressc1962 ax, 260p. aAbsorption spectroscopy aAstronomy and astrophysics Thesaurus aOptical spectroscopy aSpectroscopy aAshby, W. D., ed.